| 000 | 01115nam a2200241Ia 4500 | ||
|---|---|---|---|
| 999 |
_c36071 _d36071 |
||
| 001 | 1971 | ||
| 003 | GE_BSU | ||
| 005 | 20221007114537.0 | ||
| 008 | 181216s2007ru xx |||||||||||||| ||rus|| | ||
| 020 | _a9785756704587 | ||
| 040 | _cGE_BSU | ||
| 041 | _arus | ||
| 080 | _a342.521(075.8)+328.34(075.8) Н-69 | ||
| 100 |
_aНисневич, Ю.А. _915133 |
||
| 245 |
_aЗаконодательная деятельность. Политико-правовой анализ : _bУчебник для студ. высш. учеб. завед. / _cЮ.А. Нисневич, Д.Е. Платонов. |
||
| 264 |
_aМосква : _bАспект-Пресс, _c2007. |
||
| 300 |
_a285 стр. : _b21 см. |
||
| 653 | _aЗаконодательная деятельность. Политико-правовой анализ | ||
| 653 | _aსაკანონმდებლო საქმიანობა. პოლიტიკური და სამართლებრივი ანალიზი | ||
| 653 | _aსამართალი | ||
| 700 |
_aПлатонов, Д.Е. _915134 |
||
| 942 |
_cBK _2udc |
||